000
00269nam a22001217a 4500
008
180301b xxu||||| |||| 00| 0 eng d
041
_a
eng
080
_a
004
100
_a
35
101
_a
SHK
245
_a
LINEAR PROGRAMING METHODS
_c
EARL.O.H
942
_2
udc
_c
BK
999
_c
43876
_d
43876